Statistiken für NFL Playoffs 2021/22

Klicken Sie hier um das Quiz zu spielen!

Allgemein

  • Dieses Quiz wurde 310 mal gespielt
  • Das Durchschnittsergebnis liegt bei 12 aus 14

Antwortstatistiken

SeedTeam% Korrekt
#2Kansas City Chiefs
99%
#4Los Angeles Rams
96%
#1Green Bay Packers
92%
#4Cincinnati Bengals
91%
#6San Francisco 49ers
89%
#3Buffalo Bills
86%
#2Tampa Bay Buccaneers
85%
#6New England Patriots
82%
#1Tennessee Titans
82%
#7Pittsburgh Steelers
79%
#3Dallas Cowboys
77%
#7Philadelphia Eagles
77%
#5Las Vegas Raiders
76%
#5Arizona Cardinals
67%

Verteilung der Resultate

Perzentil nach korrekt beantworteten Fragen

Anzahl Personen mit jedem Resultat

Ihre Resultats-Entwicklung

Sie haben dieses Quiz noch nicht gespielt